West Virginia Superlatives - Statistics

General Stats
  • This quiz has been taken 22 times
  • The average score is 6 of 11
Answer Stats
Hint Answer % Correct
Busiest Airport West Virginia International Yeager Airport
95%
Longest River Ohio River
90%
Largest City Charleston
85%
Largest County (Population) Kanawha
75%
Largest County (Area) Randolph
75%
Highest Point Spruce Knob
75%
All-Time Highest Recorded Temperature (°F) 112°F (Martinsburg and Moorefield)
40%
Largest Lake Summersville Lake
40%
All-Time Lowest Recorded Temperature (°F) -37°F (Lewisburg)
25%
Oldest continuously inhabited settlement Romney
10%
Largest four-year college or university (by total enrollment, online or in person) American Public University System
0%
No matching quizzes found
Score Distribution
Percent of People with Each Score
Percentile by Number Answered
Your Score History
You have not taken this quiz